01232nam a2200289Ia 4500003000400000005001700004008004100021020002900062040001700091082001900108100001900127245010500146260003500251300002100286650001800307650001500325700001700340700002100357700002200378700001600400942000900416952012600425952012600551952012600677952012600803999001300929IIN20250429110843.0231217s9999 xx 000 0 und d cRs.1095.00a918181915047 aIINbEnglish a616.9041 bMOH1 aMohanty, S.K. 1 aEssentials of Microbiology and Immunologyb: Through Question and Answers /cS.K. Mohanty,...[et al] aHyderabadbParas Medicalc2019 a614p.bcol. ill.1 aMicrobiology 1 aImmunology aLeela, K Sai aPattanaik, Dipti aMahapatra, Ashoka aSingh, Nipa cBOOK 00102ddc40708Purches BookaIINbIINd2023-12-17g1095.00l0o616.9041 MOHp334r2023-12-17 21:32:17w2023-12-17yBOOK 00102ddc40708Purches BookaIINbIINd2023-12-17g1095.00l0o616.9041 MOHp335r2023-12-17 21:32:17w2023-12-17yBOOK 00102ddc40708Purches BookaIINbIINd2023-12-17g1095.00l0o616.9041 MOHp336r2023-12-17 21:32:17w2023-12-17yBOOK 00102ddc40708PURCHaIINbIINcGENd2025-03-11g1095.00l0o616.9041 MOHp1925r2025-04-29 11:10:37w2025-04-29yBOOK c339d339